header

Influence of digitalization of Government services on the employment environment: A case of Kisumu County Government, Kenya (Record no. 266415)

MARC details
000 -LEADER
fixed length control field 00499nam a22001577a 4500
003 - CONTROL NUMBER IDENTIFIER
control field OSt
005 - DATE AND TIME OF LATEST TRANSACTION
control field 20260623080657.0
008 - FIXED-LENGTH DATA ELEMENTS--GENERAL INFORMATION
fixed length control field 260623b |||||||| |||| 00| 0 eng d
024 ## - OTHER STANDARD IDENTIFIER
Standard number or code MPPA/6001/2021
040 ## - CATALOGING SOURCE
Transcribing agency Rongo University
050 ## - LIBRARY OF CONGRESS CALL NUMBER
Classification number JF1525 D5
Item number .L85
100 ## - MAIN ENTRY--PERSONAL NAME
Personal name Lukaya Neville
245 ## - TITLE STATEMENT
Title Influence of digitalization of Government services on the employment environment: A case of Kisumu County Government, Kenya
260 ## - PUBLICATION, DISTRIBUTION, ETC. (IMPRINT)
Place of publication, distribution, etc Rongo, Kenya
Name of publisher, distributor, etc Rongo University
Date of publication, distribution, etc 2025
942 ## - ADDED ENTRY ELEMENTS (KOHA)
Source of classification or shelving scheme Library of Congress Classification
Koha item type Thesis
Holdings
Withdrawn status Lost status Source of classification or shelving scheme Damaged status Not for loan Collection code Home library Current library Shelving location Date acquired Total Checkouts Full call number Barcode Date last seen Price effective from Koha item type
    Library of Congress Classification   Not For Loan Reference Rongo University Library Rongo University Library Reference 23/06/2026   JF1525 D5 .L85 2025 RU/SASSB/2025/154 23/06/2026 23/06/2026 Thesis

© 2026 Rongo University
Contact us: librarian | system librarian | Rongo university